000 01551nac a22003851i 4500
003 EG-ScBUE
005 20250429113218.0
008 250410t1993 njua f 001 0 eng d
020 _a0198592175
020 _a9780198592174
040 _aEG-ScBUE
_beng
_erda
_cEG-ScBUE
_dEG-ScBUE
082 0 4 _a530.1410285
_bHAR
_222
100 1 _aHarrington, Roger F.,
_eauthor.
245 1 0 _aField computation by moment methods /
_cRoger F. Harrington, Syracuse University
264 1 _aPiscataway, NJ :
_bIEEE Press,
_c[1993]
264 4 _cc1993
300 _ax, 229 pages :
_billustrations ;
_c24 cm.
336 _2rdacontent
_atext
_btxt
337 _aunmediated
_2rdamedia
_bn
338 _avolume
_bnc
_2rdacarrier
490 0 _aIEEE press series on electromagnetic waves
490 0 _aA classic reissue
500 _a"IEEE Antennas and Propagation Society, sponsor, the Institute of Electrical and Electronics Engineers, Inc., New York."
500 _aOriginally published: Malabar, Fla. : R.E. Krieger, 1968.
500 _aIncludes appendix.
500 _aIncludes index.
650 7 _aPhysics
_xData processing.
_2BUEsh
650 7 _aElectromagnetic theory
_xData processing.
_2BUEsh
650 7 _aUnified field theory
_xData processing.
_2BUEsh
655 _vReading book
710 2 _aIEEE Antennas and Propagation Society,
_esponsor.
856 4 2 _3Publisher description
_uhttp://www.loc.gov/catdir/description/wiley036/93007060.html
856 4 2 _3Table of Contents
_uhttp://www.loc.gov/catdir/toc/onix07/93007060.html
942 _cBB
_2ddc
999 _c4002
_d4002